Čína a Severná Kórea: neľahké spojenectvo

Zmeny v charaktere vzájomných vzťahov medzi Čínou a Severnou Kóreou v posledných rokoch. Potecionálny konflikt ohrozuje Čínu. Prvotná hrozba - zbrane hromadného ničenia. Kórejskí utečenci v Číne. Hranice čínskeho vplyvu. Ekonomické problémy v KĽDR. Chudoba a hladomor - pomoc medzinárodných organizác...

Description complète

Enregistré dans:
Détails bibliographiques
Auteur principal: Szikorová, Nóra
Format: Chapitre de livre
Langue:slovaque
Sujets:
Tags: Ajouter un tag
Pas de tags, Soyez le premier à ajouter un tag!

MARC

LEADER 00000naa$a2200000$$$4500
001 0104845
005 20240502072142.7
041 0 |a slo 
044 |a SK 
245 1 0 |a Čína a Severná Kórea: neľahké spojenectvo  |c Nora Szikorová 
520 |a Zmeny v charaktere vzájomných vzťahov medzi Čínou a Severnou Kóreou v posledných rokoch. Potecionálny konflikt ohrozuje Čínu. Prvotná hrozba - zbrane hromadného ničenia. Kórejskí utečenci v Číne. Hranice čínskeho vplyvu. Ekonomické problémy v KĽDR. Chudoba a hladomor - pomoc medzinárodných organizácií. 
610 2 0 |a politika zahraničná 
610 2 0 |a vzťahy medzinárodné 
610 2 0 |a spolupráca medzinárodná 
610 2 0 |a situácia hospodárska 
610 2 0 |a zbrane 
610 2 0 |a zbrojenie 
610 2 0 |a Čína 
610 2 0 |a Severná Kórea 
100 1 |a Szikorová, Nóra